000 00899nam a2200265 a 4500
001 25998
003 CO-ViMGA
005 20230915232142.0
008 141112s2004 ck r 000 u spa d
020 _a9788427710047
035 _aAFQ4387 LA
040 _aCO-ViMGA
_bspa
_cCO-ViMGA
041 _aspa
082 0 4 _a372.87 L34c
100 1 _aLehmann, Elena.
_940576
245 1 0 _aCanta, toca, brinca y danza :
_bsugerencias para la educación musical de los pequeños /
_cElena Lehmann.
250 _a3a. ed.
260 _aMadrid :
_bNarcea Ediciones,
_c2003
300 _a134 p. ; 20 cm.
490 _aColección primeros años
650 1 4 _aMúsica - Enseñanza primaria.
_933247
942 _2ddc
_cBK
949 _an n
999 _c33231
_d33231